000 00679nam a2200193 a 4500
001 000045893
005 20201002052515.0
008 150526s2015 nyu 000 0 spa d
020 _a9781507782989
040 _aDO-SdBNP
_bspa
_cBNPHU
082 _axxxx
_bxxxx
100 1 _aPantaleón, Doris
_973962
245 1 3 _aEl destierro, su peor castigo :
_binspirado por una historia real /
_cDoris Pantaleón, Noris Pantaleón ; prólogo Eramis Cruz.
260 _aEstados Unidos de América :
_bPie de Amigo,
_c2015.
300 _a74 P. ;
_c22 cm.
500 _aIncluye datos biográficos de las autoras
700 1 2 _aPantaleón, Noris
_973963
700 1 2 _aCruz, Eramis
_epról.
_928488
999 _c45382
_d45382